| 000 | 01002cam a22003137a 4500 | ||
|---|---|---|---|
| 003 | CHAP | ||
| 005 | 20230525092709.0 | ||
| 008 | 001123d2000 sp ad r 00010 spa d | ||
| 010 | _a82915 | ||
| 011 | _a83887 | ||
| 020 | _a8448602587 | ||
| 035 | _a94406 | ||
| 040 | _cCHAP | ||
| 082 | 0 | 4 |
_a581.1 _bA9 |
| 100 | 0 | 0 |
_aAzcón-Bieto, Joaquin. _99103 |
| 245 | 1 | 0 |
_aFundamentos de fisiología vegetal _c/por Joaquín Azcón-Bieto y Manuel Talón |
| 260 |
_aMadrid : _bMcGraw-Hill, _cc.2000 |
||
| 300 |
_a522 p. : _bilus. ; gráfs. ; cuadros |
||
| 590 |
_aBATCH-UPD _b10 _c20130110 _lUCH01 _h0447 |
||
| 590 |
_aBATCH-UPD _b10 _c20130410 _lUCH01 _h0123 |
||
| 590 |
_aBATCH-UPD _b10 _c20130914 _lUCH01 _h0508 |
||
| 590 |
_aCONVERSION _b10 _c20130109 _lUCH01 _h1346 |
||
| 650 | 1 | 4 |
_aFisiología vegetal. _941136 |
| 700 | 0 |
_aTalón, Manuel. _9111497 |
|
| 901 | _aBK | ||
| 905 | _aMarco A. Mendoza T. | ||
| 942 | _cLIBRO | ||
| 949 |
_a581.1 A9 _bBC _cLIBRO _d33724000785119 _eLIBRO _gI.208350 _h99128 _i94406 _so _t$165.75 |
||
| 999 |
_c82915 _d82915 |
||